This is philosophy : (Record no. 362612)
[ view plain ]
| 000 -LEADER | |
|---|---|
| fixed length control field | 00353nam a2200121Ia 4500 |
| 008 - FIXED-LENGTH DATA ELEMENTS--GENERAL INFORMATION | |
| fixed length control field | 191111s9999 xx 000 0 und d |
| 020 ## - INTERNATIONAL STANDARD BOOK NUMBER | |
| International Standard Book Number | 9780470658833 |
| 100 ## - MAIN ENTRY--PERSONAL NAME | |
| Personal name | Hales, Steven D. |
| 245 ## - TITLE STATEMENT | |
| Statement of responsibility, etc | Steven D. Hales.-- |
| Title | This is philosophy : |
| Remainder of title | an introduction / |
| 260 ## - PUBLICATION, DISTRIBUTION, ETC. (IMPRINT) | |
| Place of publication, distribution, etc | USA : |
| Name of publisher, distributor, etc | Wiley-Blackwell |
| Date of publication, distribution, etc | 2013 |
| 300 ## - PHYSICAL DESCRIPTION | |
| Extent | xvi, 278 pages. |
| 650 ## - SUBJECT ADDED ENTRY--TOPICAL TERM | |
| Topical term or geographic name as entry element | Philosophy |
| Withdrawn status | Lost status | Damaged status | Home library | Current library | Shelving location | Date acquired | Source of acquisition | Total Checkouts | Full call number | Barcode | Date last seen | Price effective from | Koha item type |
|---|---|---|---|---|---|---|---|---|---|---|---|---|---|
| College Library | College Library | Reserve Section | 11/11/2019 | Library Fund | BD 21 .H167 2013 | C21966 | 11/11/2019 | 11/11/2019 | Books |